000 00849nam a2200265Ia 4500
003 OSt
005 20220925221842.0
006 a|||||r|||| 00| 0
007 ta
008 220923b |||||||| |||| 00| 0 eng d
037 _cGeneral Book
040 _aRTL
_cRTL
_beng
041 _2eng
_aeng
082 _aY7, K8
110 _aSymposium on Race and Race Relations 1959 (London)
_9287172
245 0 _aPapers
_b Man, race and Darwin
260 _aLondon
_bOUP
_c1960
300 _avi, 151p
_ccm.
490 _aInstitute of Race Relations Publication. Royal Anthropological Institute of Great Britain and Ireland, Publication
500 _aBibliography: P 143-49
650 _aRace
700 _aSymposium on Race and Race Relations 1959 (London)
_9287173
942 _hY7, K8
_cGB
_2CC
999 _c575490
_d575490